00760nam a2200253 a 4500001001300000003000900013005001700022008004100039020002300080082001500103100001800118245005900136260003300195300000900228500003500237505001000272650003300282650002700315700001800342902000800360942000700368952011600375999001500491nice12345678IN_TiNIC20260116013149.0050524s1990 newa grp 000 0 eng  a0883447 c58800a261.8bWAL aWalsh, John J aIntegral Justiceb Changing People Changing Structures aNew YorkbOrbis Books c1990 a112p aincludes index and biblioraphy2 aIndex aSocial-Problems-christianity aChurch-Social Services1 aWalsh, John J bSRS cBK 001040708StackRoom-aHMIbHMId2007-07-10g588.00l0o261.8 WALp017158r2007-07-10v588.00w2005-05-24yBK c9933d9933